<?xml version="1.0" encoding="UTF-8"?>
<record
    xmlns:xsi="http://www.w3.org/2001/XMLSchema-instance"
    xsi:schemaLocation="http://www.loc.gov/MARC21/slim http://www.loc.gov/standards/marcxml/schema/MARC21slim.xsd"
    xmlns="http://www.loc.gov/MARC21/slim">

  <leader>01951nam a22002657a 4500</leader>
  <datafield tag="952" ind1=" " ind2=" ">
    <subfield code="0">0</subfield>
    <subfield code="1">0</subfield>
    <subfield code="2">lcc</subfield>
    <subfield code="4">0</subfield>
    <subfield code="7">0</subfield>
    <subfield code="a">15</subfield>
    <subfield code="b">15</subfield>
    <subfield code="d">2013-11-04</subfield>
    <subfield code="l">0</subfield>
    <subfield code="o">155.7 C886s  2009</subfield>
    <subfield code="p">15 006327</subfield>
    <subfield code="r">2017-12-07</subfield>
    <subfield code="t">1</subfield>
    <subfield code="w">2014-02-05</subfield>
    <subfield code="y">LB</subfield>
  </datafield>
  <datafield tag="952" ind1=" " ind2=" ">
    <subfield code="0">0</subfield>
    <subfield code="1">0</subfield>
    <subfield code="2">lcc</subfield>
    <subfield code="4">0</subfield>
    <subfield code="7">0</subfield>
    <subfield code="a">15</subfield>
    <subfield code="b">15</subfield>
    <subfield code="d">2013-11-04</subfield>
    <subfield code="l">0</subfield>
    <subfield code="o">155.7 C886s  2009</subfield>
    <subfield code="p">15 006328</subfield>
    <subfield code="r">2017-12-07</subfield>
    <subfield code="t">2</subfield>
    <subfield code="w">2014-02-05</subfield>
    <subfield code="y">LB</subfield>
  </datafield>
  <datafield tag="952" ind1=" " ind2=" ">
    <subfield code="0">0</subfield>
    <subfield code="1">0</subfield>
    <subfield code="2">lcc</subfield>
    <subfield code="4">0</subfield>
    <subfield code="7">0</subfield>
    <subfield code="a">15</subfield>
    <subfield code="b">15</subfield>
    <subfield code="d">2016-10-19</subfield>
    <subfield code="l">0</subfield>
    <subfield code="o">155 C886s  2009</subfield>
    <subfield code="p">15 008437</subfield>
    <subfield code="r">2017-12-07</subfield>
    <subfield code="t">3</subfield>
    <subfield code="w">2017-03-16</subfield>
    <subfield code="y">LB</subfield>
  </datafield>
  <datafield tag="999" ind1=" " ind2=" ">
    <subfield code="c">91898</subfield>
    <subfield code="d">91898</subfield>
  </datafield>
  <controlfield tag="005">20231102151635.0</controlfield>
  <controlfield tag="008">140205s2009    mx a|||| |||| 00| 0 eng d</controlfield>
  <datafield tag="020" ind1=" " ind2=" ">
    <subfield code="a">9786074423105</subfield>
  </datafield>
  <datafield tag="082" ind1=" " ind2=" ">
    <subfield code="2">155 </subfield>
    <subfield code="a">C886s</subfield>
  </datafield>
  <datafield tag="100" ind1=" " ind2=" ">
    <subfield code="a">Craig Grace J.</subfield>
  </datafield>
  <datafield tag="245" ind1=" " ind2=" ">
    <subfield code="a">Desarrollo psicol&#xF3;gico / Craig Grace J.</subfield>
    <subfield code="c"> / Craig Grace J.</subfield>
  </datafield>
  <datafield tag="250" ind1=" " ind2=" ">
    <subfield code="a">9 Edici&#xF3;n </subfield>
  </datafield>
  <datafield tag="260" ind1=" " ind2=" ">
    <subfield code="a">M&#xE9;xico</subfield>
    <subfield code="b"> : Pearson</subfield>
    <subfield code="c"> , 2009</subfield>
  </datafield>
  <datafield tag="300" ind1=" " ind2=" ">
    <subfield code="a">696 p&#xE1;ginas</subfield>
  </datafield>
  <datafield tag="504" ind1=" " ind2=" ">
    <subfield code="a">Incluye bibliografia pp 1-696</subfield>
  </datafield>
  <datafield tag="505" ind1=" " ind2=" ">
    <subfield code="a">Teor&#xED;as y m&#xE9;todos de investigaci&#xF3;n 
Desarrollo prenatal y parto
Herencia y ambiente
Desarrollos f&#xED;sico, cognoscitivo y ling&#xFB;&#xED;stico en la infancia Desarrollo de la personalidad y socializaci&#xF3;n en la infancia
El preescolar: desarrollos f&#xED;sico, cognitivo y ling&#xFB;&#xED;stico
preescolar: desarrollo de la personalidad y socializaci&#xF3;n
Ni&#xF1;ez media y ni&#xF1;os en edad escolar: desarrollos f&#xED;sico y cognitivo 
Ni&#xF1;ez media y ni&#xF1;os en edad escolar: desarrollo de la personalidad y socializaci&#xF3;n
Adolescencia: desarrollo f&#xED;sico y cognitivo
Adolescencia: desarrollo de la personalidad y socializaci&#xF3;n 
Juventud: desarrollos f&#xED;sico y cognitivo 
Juventud: desarrollos de la personalidad y socializaci&#xF3;n
Adultos de edad madura: desarrollos f&#xED;sico y cognitivo
Madurez: desarrollo de la personalidad y socializaci&#xF3;n
La vejez: desarrollo f&#xED;sico y cognitivo
La vejez: desarrollo de la personalidad y socializaci&#xF3;n
La muerte y el proceso de morir</subfield>
  </datafield>
  <datafield tag="519" ind1=" " ind2=" ">
    <subfield code="a">Plan Flexible </subfield>
    <subfield code="b">Psicolog&#xED;a</subfield>
    <subfield code="c">Desarrollo psicologico I (P01)</subfield>
    <subfield code="d">(15 008437)
(15 006328)
(15 006327)</subfield>
  </datafield>
  <datafield tag="650" ind1="1" ind2="4">
    <subfield code="a">TEOR&#xCD;AS Y M&#xC9;TODOS DE INVESTIGACI&#xD3;N </subfield>
  </datafield>
  <datafield tag="650" ind1="1" ind2="4">
    <subfield code="a">DESARROLLO PRENATAL Y PARTO</subfield>
  </datafield>
  <datafield tag="700" ind1=" " ind2=" ">
    <subfield code="a">Don Baucum</subfield>
  </datafield>
  <datafield tag="942" ind1=" " ind2=" ">
    <subfield code="c">LB</subfield>
  </datafield>
</record>
